[Event "Umbria Regional-ch"]
[Site "Foligno"]
[Date "2009.06.05"]
[Round "3"]
[White "Ragnini, Damiano"]
[Black "Buoncristiani, Luca"]
[Result "1-0"]
[WhiteElo "1819"]
[BlackElo "1509"]
[PlyCount "83"]
[EventDate "2009.06.05"]
[EventType "swiss"]
[EventRounds "6"]
[EventCountry "ITA"]
[SourceTitle "EXT 2011"]
[Source "ChessBase"]
[SourceDate "2010.11.26"]
[SourceVersion "1"]
[SourceVersionDate "2010.11.26"]
[SourceQuality "1"]

1. d4 Nf6 2. c4 g6 3. Nc3 Bg7 4. e4 d6 5. Nf3 0-0 6. Bd3 e5 7. d5 a5 8. 0-0 Na6 9. a3 Nc5 10. Bc2 Bd7 11. Be3 b6 12. Bxc5 bxc5 13. Ba4 Bxa4 14. Qxa4 Nh5 15. Qc6 f5 16. h4 Bf6 17. g3 Ng7 18. Kg2 f4 19. Ne2 Rb8 20. Rab1 Rb3 21. Qa4 Qb8 22. Qxa5 Rxb2 23. Nc3 fxg3 24. Nb5 Rxf2+ 25. Rxf2 gxf2 26. Qxc7 Qxc7 27. Nxc7 Bd8 28. Nb5 Be7 29. a4 Nh5 30. a5 Nf4+ 31. Kxf2 Nd3+ 32. Kg3 Nb4 33. Ra1 Ra8 34. Nc7 Ra7 35. Nb5 Ra8 36. Ng1 Kf8 37. Ne2 Kg7 38. Nec3 Bd8 39. Nxd6 Rxa5 40. Rxa5 Bxa5 41. Nb7 Nxd5 42. Nxd5 1-0

[Event "Porto Sant Elpidio op-B 7th"]
[Site "Porto Sant Elpidio"]
[Date "2004.11.13"]
[Round "1"]
[White "Di Mantino, Mauro"]
[Black "Ragnini, Damiano"]
[Result "0-1"]
[WhiteElo "1392"]
[BlackElo "1571"]
[PlyCount "72"]
[EventDate "2004.11.13"]
[EventType "swiss"]
[EventRounds "6"]
[EventCountry "ITA"]
[SourceTitle "EXT 2024"]
[Source "ChessBase"]
[SourceDate "2023.10.10"]
[SourceVersion "1"]
[SourceVersionDate "2023.10.10"]
[SourceQuality "1"]

1. d4 Nf6 2. c4 g6 3. Nc3 Bg7 4. e4 d6 5. Be2 0-0 6. Nf3 Nbd7 7. Bf4 c5 8. d5 a6 9. Qd2 Ng4 10. h3 Bxc3 11. Qxc3 Ngf6 12. Bh6 Re8 13. g4 e5 14. Ng5 b5 15. 0-0-0 b4 16. Qg3 Qa5 17. Kb1 Qd8 18. h4 a5 19. h5 a4 20. hxg6 fxg6 21. Rh2 Nf8 22. f4 Qd7 23. f5 Ra7 24. Rh4 Qc7 25. Rf1 Qd8 26. Ne6 Bxe6 27. fxe6 Nxe4 28. Qf3 Nd2+ 29. Bxd2 Qxh4 30. g5 Rg7 31. Rh1 Qd4 32. Be3 e4 33. Qf7+ Rxf7 34. exf7+ Kxf7 35. Bxd4 cxd4 36. Rf1+ Kg7 0-1

[Event "Porto Sant Elpidio op-B 6th"]
[Site "Porto Sant Elpidio"]
[Date "2003.11.23"]
[Round "5"]
[White "Fratini, Mauro"]
[Black "Ragnini, Damiano"]
[Result "1-0"]
[WhiteElo "1630"]
[BlackElo "1483"]
[PlyCount "61"]
[EventDate "2003.11.15"]
[EventType "swiss"]
[EventRounds "6"]
[EventCountry "ITA"]
[SourceTitle "EXT 2024"]
[Source "ChessBase"]
[SourceDate "2023.10.10"]
[SourceVersion "1"]
[SourceVersionDate "2023.10.10"]
[SourceQuality "1"]

1. d4 Nf6 2. Bf4 d6 3. e3 g6 4. h3 Bg7 5. Nf3 0-0 6. Be2 Nbd7 7. 0-0 c6 8. c3 b5 9. Nbd2 Nd5 10. Bg3 N7f6 11. e4 Nc7 12. e5 Nfe8 13. exd6 Nxd6 14. Ne5 Bxe5 15. Bxe5 Bf5 16. Bf3 Qd7 17. Re1 f6 18. Bf4 Rae8 19. Nb3 Nb7 20. a4 a6 21. axb5 axb5 22. Bh6 Rf7 23. Ra7 Rb8 24. Bf4 g5 25. Bg3 e6 26. Nc5 Qc8 27. Bxc7 Rxc7 28. Na6 Ra8 29. Rxa8 Qxa8 30. Nxc7 Qa2 31. Qa1 1-0

[Event "Castelfidardo op 5th"]
[Site "Castelfidardo"]
[Date "2001.11.18"]
[Round "3"]
[White "Marinucci, Johnny"]
[Black "Ragnini, Damiano"]
[Result "0-1"]
[WhiteElo "1401"]
[BlackElo "1296"]
[PlyCount "112"]
[EventDate "2001.11.17"]
[EventType "swiss"]
[EventRounds "6"]
[EventCountry "ITA"]
[SourceTitle "EXT 2007"]
[Source "ChessBase"]
[SourceDate "2006.11.23"]
[SourceVersion "1"]
[SourceVersionDate "2006.11.23"]
[SourceQuality "1"]

1. d4 Nf6 2. Bf4 d6 3. h3 e6 4. e3 a6 5. Nf3 h6 6. Bd3 Nc6 7. c3 b5 8. Nbd2 d5 9. 0-0 Bd6 10. Ne5 Bb7 11. Bh2 Nd7 12. f4 Ncxe5 13. fxe5 Be7 14. Qh5 0-0 15. Nf3 f5 16. Bg3 Qe8 17. Qxe8 Raxe8 18. Nh4 Bxh4 19. Bxh4 g5 20. Be1 Rf7 21. Bd2 Ref8 22. Rf2 c5 23. Raf1 c4 24. Be2 Kh7 25. Bh5 Rg7 26. g4 Nb6 27. gxf5 Nc8 28. fxe6 Rxf2 29. Rxf2 Ne7 30. Rf7 Rxf7 31. exf7 Kg7 32. Kg2 Bc8 33. b3 Be6 34. bxc4 bxc4 35. Bc1 Bxf7 36. Bg4 Bg6 37. Ba3 Nf5 38. Kf2 Kf7 39. Bf3 Ke6 40. e4 dxe4 41. Bxe4 Nh4 42. Bxg6 Nxg6 43. Kf3 Nf4 44. h4 Kf5 45. hxg5 hxg5 46. Bf8 Ne6 47. Bd6 Nf4 48. Be7 Nd5 49. Bb4 Nxb4 50. cxb4 c3 51. Ke2 g4 52. Kd3 g3 53. Kxc3 g2 54. Kc4 g1Q 55. Kd5 Qg2+ 56. Kc5 Qxa2 0-1

[Event "Castelfidardo op 4th"]
[Site "Castelfidardo"]
[Date "2000.11.26"]
[Round "3"]
[White "Ragnini, Damiano"]
[Black "Morici, Marco"]
[Result "0-1"]
[WhiteElo "1356"]
[BlackElo "1606"]
[PlyCount "64"]
[EventDate "2000.11.25"]
[EventType "swiss"]
[EventRounds "6"]
[EventCountry "ITA"]
[SourceTitle "EXT 2008"]
[Source "ChessBase"]
[SourceDate "2007.11.25"]
[SourceVersion "1"]
[SourceVersionDate "2007.11.25"]
[SourceQuality "1"]

1. e4 e6 2. d4 d5 3. e5 c5 4. c3 Nc6 5. Nf3 Qb6 6. Bd3 cxd4 7. Nxd4 Nxe5 8. 0-0 Nxd3 9. Qxd3 Bd7 10. Re1 Ne7 11. Nd2 Ng6 12. N2f3 Bd6 13. b4 0-0 14. Ng5 h6 15. Ngf3 e5 16. c4 dxc4 17. Qxc4 exd4 18. a4 Qxb4 19. Qd3 Qc3 20. Qb1 Bc6 21. Bd2 Qc4 22. Rc1 Qd5 23. Rd1 Ne5 24. Nh4 g5 25. Nf3 Nxf3+ 26. gxf3 Qxf3 27. Kf1 Qg2+ 28. Ke1 Rfe8+ 29. Be3 dxe3 30. Ra2 exf2+ 31. Kd2 f1Q+ 32. Kc1 Bf4+ 0-1

[Event "Porto Sant Elpidio op-A 2nd"]
[Site "Porto Sant Elpidio"]
[Date "1999.10.17"]
[Round "2"]
[White "Rotoni, Matteo"]
[Black "Ragnini, Damiano"]
[Result "1-0"]
[WhiteElo "1732"]
[BlackElo "1380"]
[PlyCount "73"]
[EventDate "1999.10.16"]
[EventType "swiss"]
[EventRounds "6"]
[EventCountry "ITA"]
[SourceTitle "EXT 2024"]
[Source "ChessBase"]
[SourceDate "2023.10.10"]
[SourceVersion "1"]
[SourceVersionDate "2023.10.10"]
[SourceQuality "1"]

1. e4 c5 2. d4 cxd4 3. c3 dxc3 4. Nxc3 e6 5. Nf3 Nc6 6. Bc4 Be7 7. Qe2 Bb4 8. 0-0 Bxc3 9. bxc3 Nge7 10. Rd1 Qc7 11. Nd4 a6 12. Ba3 0-0 13. Bb3 Rd8 14. e5 Nd5 15. Bxd5 exd5 16. Bd6 Qa5 17. Nb3 Qb5 18. Qf3 Qb6 19. Rab1 Qb5 20. Rxd5 Qc4 21. Rbd1 a5 22. Qg3 b5 23. Nc5 b4 24. h4 bxc3 25. R5d3 c2 26. Rc1 Nb4 27. Rc3 Qd4 28. Nb3 Qd5 29. Qg5 Bb7 30. Bxb4 axb4 31. R3xc2 h6 32. Qg3 Re8 33. f4 Ra6 34. h5 d6 35. Rd2 Qe6 36. Nd4 Qd5 37. Nf5 1-0

[Event "Porto Sant Elpidio op-A 1st"]
[Site "Porto Sant Elpidio"]
[Date "1998.10.??"]
[Round "?"]
[White "Giobbi, Costantino"]
[Black "Ragnini, Damiano"]
[Result "1-0"]
[WhiteElo "1776"]
[BlackElo "1470"]
[PlyCount "81"]
[EventDate "1998.10.??"]
[EventType "swiss"]
[EventRounds "6"]
[EventCountry "ITA"]
[SourceTitle "EXT 2024"]
[Source "ChessBase"]
[SourceDate "2023.10.10"]
[SourceVersion "1"]
[SourceVersionDate "2023.10.10"]
[SourceQuality "1"]

1. e4 c5 2. Nf3 Nc6 3. Nc3 e6 4. d4 cxd4 5. Nxd4 Bb4 6. a3 Bxc3+ 7. bxc3 Nf6 8. Bd3 d5 9. Nxc6 bxc6 10. e5 Nd7 11. Qg4 Nxe5 12. Qxg7 Nxd3+ 13. cxd3 Rf8 14. Bh6 Qe7 15. Qxf8+ Qxf8 16. Bxf8 Kxf8 17. Rb1 Ba6 18. Kd2 Ke7 19. Rb4 c5 20. Ra4 Bb5 21. Rh4 Rg8 22. Rb1 Bc6 23. g3 Rh8 24. Rh6 f5 25. a4 Kf7 26. a5 Ke7 27. a6 Kf7 28. Ke3 Ke7 29. Kf4 Kd6 30. h3 d4 31. c4 Ba4 32. Rb7 Bc2 33. Rxa7 Bxd3 34. Rb7 Bxc4 35. a7 Bd5 36. Rb8 d3 37. Ke3 c4 38. Rxh8 Be4 39. a8Q Bxa8 40. Rxa8 Kc5 41. Rxe6 1-0

[Event "Porto Sant Elpidio op-A 1st"]
[Site "Porto Sant Elpidio"]
[Date "1998.10.??"]
[Round "?"]
[White "Ragnini, Damiano"]
[Black "Fioravanti, Diego"]
[Result "0-1"]
[WhiteElo "1470"]
[BlackElo "1570"]
[PlyCount "56"]
[EventDate "1998.10.??"]
[EventType "swiss"]
[EventRounds "6"]
[EventCountry "ITA"]
[SourceTitle "EXT 2024"]
[Source "ChessBase"]
[SourceDate "2023.10.10"]
[SourceVersion "1"]
[SourceVersionDate "2023.10.10"]
[SourceQuality "1"]

1. e4 e5 2. f4 Bc5 3. Nf3 d6 4. Bc4 Nf6 5. d3 Nc6 6. f5 h6 7. Nc3 Ng4 8. d4 Nxd4 9. Nxd4 exd4 10. Qxg4 dxc3 11. bxc3 Qf6 12. Bd2 Bd7 13. Bb3 a5 14. a4 0-0-0 15. Qe2 Rhe8 16. 0-0-0 d5 17. Bxd5 Qb6 18. Bb3 Bxa4 19. Qc4 Ba3+ 20. Kb1 Bb5 21. Be3 Qxe3 22. Qxb5 Qxc3 23. Bc4 Rxe4 24. Rxd8+ Kxd8 25. Rd1+ Kc8 26. Be6+ Kb8 27. Rd8+ Ka7 28. Ka2 Re1 0-1